01384cam a22003611a 4500001001300000003000400013005001700017008004100034010001700075035001900092040006200111042001200173043001200185050002400197070002200221072000900243100003800252245018200290260004400472300006600516440004900582504003000631500002000661650004100681650004200722650004000764650004100804650004800845650004700893700004400940700002100984999001701005gs 64000265 DLC20260227111414.0780809s1964 dcuab b f001 0 eng c ags 64000265  a(OCoLC)4124198 aU.S. Geol. Survey. Library.cCLSdOCoLCdDNALdOCoLCdDLC apremarc an-us-co00aTC801b.U2 no. 16580 a407bG29W no.16580 aP2001 aSmith, Rex O.q(Rex Onis),d1924-10aGround-water resources of the South Platte River Basin in western Adams and southwestern Weld Counties, Colorado /cby Rex O. Smith, Paul A. Schneider, Jr., and Lester R. Petri. aWashington, D.C. :bU.S. G.P.O.,c1964. avi, 132 p. :bill., maps ;c24 cm. +e10 folded maps in case. 0aGeological Survey water-supply paper ;v1658 aBibliography: p. 128-130. aIncludes index. 0aGroundwaterzColoradozAdams County. 0aWater-supplyzColoradozAdams County. 0aGroundwaterzColoradozWeld County. 0aWater-supplyzColoradozWeld County. 0aWaterxCompositionzColoradozAdams County. 0aWaterxCompositionzColoradozWeld County.1 aSchneider, Paul A.q(Paul Alan),d1931-1 aPetri, Lester R. c29864d29864